000 00710nam a2200289Ia 4500
005 20260324130543.0
008 008 260324s9999 xx 000 0 eng d
020 _a9780203086742
037 _aEBOOK
040 _aCRL
040 _beng
040 _cCRL
041 _2eng
041 _aeng
084 _qCRL
100 _aAlfonso Morales; John Cross
_91182212
245 0 _aStreet Entrepreneurs
245 0 _bPeople, Place, & Politics in Local and Global Perspective
260 _bTaylor and Francis
260 _c2007
365 _a
365 _b240
856 _uhttp://www.taylorfrancis.com/books/9780203086742
942 _cEBOOK
999 _c1778482
_d1778482